|
|
|
|
| LEADER |
00000nam0a2200000 4500 |
| 001 |
203870 |
| 005 |
20231031185927.0 |
| 010 |
|
|
|a 5020035629
|
| 035 |
|
|
|a (RuTPU)RU\TPU\book\222193
|
| 090 |
|
|
|a 203870
|
| 100 |
|
|
|a 20111112d1991 m y0rusy50 ca
|
| 101 |
0 |
|
|a rus
|
| 102 |
|
|
|a RU
|
| 105 |
|
|
|a a z 001zy
|
| 200 |
1 |
|
|a Высокотемпературные гидротермальные резервуары
|f Академия наук СССР (АН СССР), Дальневосточный научный центр (ДНЦ), Институт вулканологии (ИВ) ; под ред. В. М. Сугробова
|
| 210 |
|
|
|a Москва
|c Наука
|d 1991
|
| 215 |
|
|
|a 160 с.
|c ил.
|
| 320 |
|
|
|a Библиогр.: с. 152-160.
|
| 610 |
1 |
|
|a резервуары
|
| 610 |
1 |
|
|a гидротермальные резервуары
|
| 610 |
1 |
|
|a гидротермальные месторождения
|
| 610 |
1 |
|
|a эксплуатация
|
| 610 |
1 |
|
|a теплоносители
|
| 610 |
1 |
|
|a геохимические поля
|
| 675 |
|
|
|a 553.065
|v 3
|
| 702 |
|
1 |
|a Сугробов
|b В. М.
|4 340
|
| 712 |
0 |
2 |
|a Академия наук СССР (АН СССР)
|b Дальневосточный научный центр (ДНЦ)
|b Институт вулканологии (ИВ)
|c (Петропавловск-Камчатский)
|2 stltpush
|3 (RuTPU)RU\TPU\col\11524
|
| 801 |
|
1 |
|a RU
|b 63413507
|c 20111112
|
| 801 |
|
2 |
|a RU
|b 63413507
|c 20111121
|g RCR
|
| 942 |
|
|
|c BK
|